000 006530000a22001090004500
100 1 _aOsorio, Juan Esteban
245 1 0 _aLos viejos narcos en la ruina : Un detrás de cámaras a la decadencia
300 _aVol.0, núm.24 (Septiembre, 2007), Página 33
520 _a¿Por qué tomar fotografías en una de las casas de Rodríguez Gacha? ¿Es necesario rescatar la memoria en ruinas de los narcos? Severa vigilancia es la exposición que el caleño François Bucher presenta en un inquietante espacio en trámite de extinción de dominio, hoy sede itinerante de la galería Alcuadrado.
773 0 _tArcadia / Andrés Felipe Solano, Editor
942 _cANA
999 _c62361
_d62361